000 00701nam a22002417a 4500
003 BUBTL
008 231127b ||||| |||| 00| 0 eng d
041 _aeng
082 _a363.25/ Sa173c/ 1981
100 _aSaferstein, Richard
_95608
245 _aCriminalistics :
_bAn Introduction to Forensic Science /
_cRichard Saferstein
250 _a2nd ed.
260 _aNew Jersey :
_bPrentice-Hall, Inc.,
_cc1981
300 _ax,460 p.
_c23 cm.
500 _aInclude Index
505 _aCriminalistics, Richard Saferstein, Criminal Law
526 _aLaw
650 0 _94577
_aCriminal Law
650 0 _926
_aLaw
856 _k0
_l0
_yDownload
942 _2ddc
_cBK
999 _c7164
_d7164